Welcome to University of Cape Coast Library, Online Public Access Catalogue (OPAC)

The constitutional parent : (Record no. 41909)

MARC details
000 -LEADER
fixed length control field 02583cam a2200409 i 4500
001 - CONTROL NUMBER
control field 17959698
003 - CONTROL NUMBER IDENTIFIER
control field OSt
005 - DATE AND TIME OF LATEST TRANSACTION
control field 20221012132911.0
008 - FIXED-LENGTH DATA ELEMENTS--GENERAL INFORMATION
fixed length control field 131202s2014 ctu b 001 0 eng
010 ## - LIBRARY OF CONGRESS CONTROL NUMBER
LC control number 2013047823
020 ## - INTERNATIONAL STANDARD BOOK NUMBER
International Standard Book Number 9780300191899 (hardback : alk. paper)
040 ## - CATALOGING SOURCE
Original cataloging agency DLC
Language of cataloging eng
Transcribing agency DLC
Description conventions rda
Modifying agency DLC
042 ## - AUTHENTICATION CODE
Authentication code pcc
043 ## - GEOGRAPHIC AREA CODE
Geographic area code n-us---
050 00 - LIBRARY OF CONGRESS CALL NUMBER
Classification number KF540
Item number .Sh8
082 00 - DEWEY DECIMAL CLASSIFICATION NUMBER
Classification number 346.7301/7
Edition number 23
084 ## - OTHER CLASSIFICATION NUMBER
Classification number LAW038010
-- LAW010000
-- LAW018000
Number source bisacsh
100 1# - MAIN ENTRY--PERSONAL NAME
Personal name Shulman, Jeffrey,
Dates associated with a name 1951-
Relator term author.
9 (RLIN) 10261
245 14 - TITLE STATEMENT
Title The constitutional parent :
Remainder of title rights, responsibilities, and the enfranchisement of the child /
Statement of responsibility, etc. Jeffrey Shulman.
264 #1 - PRODUCTION, PUBLICATION, DISTRIBUTION, MANUFACTURE, AND COPYRIGHT NOTICE
Place of production, publication, distribution, manufacture New Haven :
Name of producer, publisher, distributor, manufacturer Yale University Press,
Date of production, publication, distribution, manufacture, or copyright notice [2014]
300 ## - PHYSICAL DESCRIPTION
Extent x, 345 pages ;
Dimensions 25 cm
336 ## - CONTENT TYPE
Content type term text
Source rdacontent
337 ## - MEDIA TYPE
Media type term unmediated
Source rdamedia
338 ## - CARRIER TYPE
Carrier type term volume
Source rdacarrier
504 ## - BIBLIOGRAPHY, ETC. NOTE
Bibliography, etc. note Includes bibliographical references and index.
520 ## - SUMMARY, ETC.
Summary, etc. "In this bold and timely work, law professor Jeffrey Shulman argues that the United States Constitution does not protect a fundamental right to parent. Based on a rigorous reconsideration of the historical record, Shulman challenges the notion, held by academics and the general public alike, that parental rights have a long-standing legal pedigree. What is deeply rooted in our legal tradition and social conscience, Shulman demonstrates, is the idea that the state entrusts parents with custody of the child, and it does so only as long as parents meet their fiduciary duty to serve the developmental needs of the child. Shulman's illuminating account of American legal history is of more than academic interest. If once again we treat parenting as a delegated responsibility-as a sacred trust, not a sacred right-we will not all reach the same legal prescriptions, but we might be more willing to consider how time-honored principles of family law can effectively accommodate the evolving interests of parent, child, and state"--
Assigning source Provided by publisher.
650 #0 - SUBJECT ADDED ENTRY--TOPICAL TERM
Topical term or geographic name entry element Parent and child (Law)
Geographic subdivision United States.
9 (RLIN) 10262
650 #0 - SUBJECT ADDED ENTRY--TOPICAL TERM
Topical term or geographic name entry element Children
General subdivision Legal status, laws, etc.
Geographic subdivision United States.
9 (RLIN) 10263
650 #0 - SUBJECT ADDED ENTRY--TOPICAL TERM
Topical term or geographic name entry element Domestic relations
Geographic subdivision United States.
9 (RLIN) 10264
650 #0 - SUBJECT ADDED ENTRY--TOPICAL TERM
Topical term or geographic name entry element Constitutional law
Geographic subdivision United States.
9 (RLIN) 2562
650 #7 - SUBJECT ADDED ENTRY--TOPICAL TERM
Topical term or geographic name entry element LAW / Family Law / Children.
Source of heading or term bisacsh
9 (RLIN) 10265
650 #7 - SUBJECT ADDED ENTRY--TOPICAL TERM
Topical term or geographic name entry element LAW / Child Advocacy.
Source of heading or term bisacsh
9 (RLIN) 10266
650 #7 - SUBJECT ADDED ENTRY--TOPICAL TERM
Topical term or geographic name entry element LAW / Constitutional.
Source of heading or term bisacsh
9 (RLIN) 10267
906 ## - LOCAL DATA ELEMENT F, LDF (RLIN)
a 7
b cbc
c orignew
d 1
e ecip
f 20
g y-gencatlg
942 ## - ADDED ENTRY ELEMENTS (KOHA)
Source of classification or shelving scheme Library of Congress Classification
Koha item type Books

No items available.

Koha©2022 UCC.All Right Reserved.Site Developed by Sam Jonah Library IT Team
<Home | Contact | Library publications |Research Tools | Research Guides |https://ucclivechat.library-gh.net/index.php/chat

If you have questions or concern please contact the Library.



PMB, University of Cape Coast

KOHA HOME